| 000 | 03131nam a2200565Ia 4500 | ||
|---|---|---|---|
| 001 | 990 | ||
| 008 | 241029s9999 xx 000 0 und d | ||
| 010 | _a909 | ||
| 041 | _aEspañol | ||
| 082 | _aTPG MCE 11 2007 | ||
| 245 | 0 | _aEstrategia de capacitación para el desarrollo de competencias para enseñar asignaturas en Inglés en el Decanato de Ingeniería de la Universidad APEC. | |
| 260 | _aSanto Domingo | ||
| 300 | _a70 | ||
| 520 | _a18 | ||
| 630 | _aCapacitación Docente | ||
| 630 | _aCompetencias | ||
| 630 | _aDocentes Universitarios | ||
| 630 | _aEstrategia Metodológica | ||
| 630 | _aFormación Profesional de Maestros | ||
| 650 | _aCompetencias Educativas | ||
| 690 | _aCopiado sin cambios | ||
| 700 |
_easesor _aPérez Hernández, Miguel Angel |
||
| 700 |
_eautor _aLópez Fernández, Rosa Awilda |
||
| 901 |
_a{"1":"López Fernández"} _b{"1":"Rosa Awilda"} |
||
| 902 | _a1 | ||
| 903 |
_a{"1":"Pérez Hernández"} _b{"1":"Miguel Angel"} |
||
| 904 | _aMaestría en | ||
| 905 | _aCiencias de la Educación | ||
| 906 | _a2 | ||
| 907 | _aNO APLICA | ||
| 908 | _aNO APLICA | ||
| 909 | _aUniversidad Acción Pro Educación y Cultura (UNAPEC) | ||
| 910 |
_aNULL _bNULL |
||
| 911 | _a["1"] | ||
| 912 | _aUniversidad de Camagüey (UC), Cuba | ||
| 913 | _aNULL | ||
| 914 | _a01 de Mayo de 2007 | ||
| 915 | _a20/12/19 09:12 | ||
| 916 | _aNULL | ||
| 917 | _aNULL | ||
| 918 | _aNO APLICA | ||
| 919 | _a["30","40","71","95","109"] | ||
| 520 | _aLos egresados del Decanato de Tecnología fueron investigados, verificándose la falta de bilingüismo como dificultad para ascender a posiciones gerenciales. A lo cual se integraron 10 niveles de inglés en el currículo y dos asignaturas del ciclo final del pensum impartidas totalmente en inglés. Algunos docentes dominan este idioma pero no se arriesgan a enseñar en el o carecen de estrategias metodológicas y didácticas para impartir sus asignaturas ya que no han estudiado pedagogía.El proceso de formación de recompetencias que permitan que un profesor quien no tiene el inglés como primera lengua quede en capacidad de impartir cualquier asignatura en este idioma, lo presentamos como propuesta de investigación con el nombre de Estrategia de Capacitación para el Desarrollo de las Competencias para impartir sus asignaturas especificas en Inglés.Se utilizaron varios métodos teóricos tomando en cuenta las diferentes tendencias de enseñanza, análisis históricos, se emplearon las técnicas de la entrevista, exámenes, y medidores teóricos de competencias a los profesores del decanato de tecnología de UNAPEC. Las conclusiones de la investigación son la implementación de un diplomado de 4 cursos desarrolladores de las competencias requeridas. Tres de los mismos serán impartidos totalmente en inglés y la tesina derivara en la publicación final de sus asignaturas traducidas y planificadas didácticamente bajo el enfoque comunicativo y la teoría de enseñanza de otras lenguas. | ||
| 921 | _a16 | ||
| 922 | _a16 | ||
| 923 | _a0 | ||
| 924 | _aNO APLICA | ||
| 942 | _cTesis | ||
| 999 |
_c909 _d909 |
||